LIBRARY & INFORMATION CENTRE, KCAET, TAVANUR

ONLINE PUBLIC ACCESS CATALOGUE (OPAC)

Normal view MARC view
  • Covey, Stephen R

Entry Personal Name

Number of records used in: 1

001 - CONTROL NUMBER

  • control field: 5470

003 - CONTROL NUMBER IDENTIFIER

  • control field: OSt

005 - DATE AND TIME OF LATEST TRANSACTION

  • control field: 20230522142045.0

008 - FIXED-LENGTH DATA ELEMENTS

  • fixed length control field: 230522|| aca||aabn | a|a d

040 ## - CATALOGING SOURCE

  • Original cataloging agency: OSt
  • Transcribing agency: OSt

100 ## - HEADING--PERSONAL NAME

  • Personal name: Covey, Stephen R

670 ## - SOURCE DATA FOUND

  • Source citation: Work cat.: (OSt)17702: Covey, Stephen R, Seven habits of highly effective people, 2020
free website counter